Influenza A H1N1

Bibliographic Details
Main Author: Azlina Ahmad
Format: Book
Published: Petaling Jaya : Pustaka Seri Idaman , 2012
Series:Ancaman kesihatan global
Subjects:

MARC

LEADER 00000cam a2200000 7i4500
001 0000157470
005 20120516.0
020 |a 9789833996582 
090 0 0 |a 616.92   |b AZL 
100 0 |a Azlina Ahmad 
245 1 0 |a Influenza A H1N1   |c Azlina Ahmad 
260 |a Petaling Jaya :   |b Pustaka Seri Idaman ,   |c 2012 
300 |a 28p. ;   |c 26cm. 
490 0 |a Ancaman kesihatan global 
650 0 0 |a Avian influenza   |x Juvenile literature 
650 0 0 |a Health education   |x Juvenile literature 
999 |a 00259307   |b BUKU   |c JUNIOR BOOKS   |e PERPUSTAKAAN KOMUNITI CAW KOTA DAMANSARA 
999 |a 00262112   |b BUKU   |c JUNIOR BOOKS   |e PERPUSTAKAAN KOMUNITI PETALING JAYA